Movies of 1997 Quiz Stats

Quiz Updated Jul 25, 2013

Also try: Movies of 1998
Challenge
Share
Tweet
Score 0/16 Timer 07:00
2 Plays Today
Movie % Correct
Titanic
98.5%
Men in Black
97%
Austin Powers: International Man of Mystery
92.8%
Hercules
90.7%
Bean
88%
Liar Liar
84.5%
Good Will Hunting
80.2%
Air Force One
67.6%
Movie % Correct
The Fifth Element
59.9%
Face/Off
55.9%
My Best Friend's Wedding
51%
As Good As It Gets
48.9%
Boogie Nights
45.1%
L.A. Confidential
35.9%
Life is Beautiful
31.6%
Princess Mononoke
18%

You're not logged in!

Compare scores with friends on all Sporcle quizzes.
Sign Up with Email
OR
Log In

You Might Also Like...

Show Comments

Extras

Top Quizzes Today


Score Distribution

Your Account Isn't Verified!

In order to create a playlist on Sporcle, you need to verify the email address you used during registration. Go to your Sporcle Settings to finish the process.